|
|
|
|
| LEADER |
00843nam a2200229 a 4500 |
| 001 |
000570205 |
| 003 |
CZ BrMZK |
| 005 |
20070205081300.0 |
| 008 |
980107s1926 xr f cze d |
| 040 |
|
|
|a BOA001
|b cze
|c BOA002
|
| 100 |
1 |
|
|a Eliáš, Rudolf,
|d 1878-1964
|7 jk01030417
|
| 245 |
1 |
0 |
|a Svatý Václav /
|c Rudolf Eliáš
|
| 260 |
|
|
|a Holešov :
|b L. Klabusay,
|c 1926
|
| 300 |
|
|
|a 22 s.
|
| 490 |
1 |
|
|a Malý republikán
|
| 500 |
|
|
|a Přívazek k : R. Eliáš - Libuše věstí slávu Prahy
|
| 700 |
0 |
|
|a Václav,
|c český kníže,
|d asi 907-asi 935
|7 jn20000728789
|
| 830 |
|
0 |
|a Malý republikán
|
| 910 |
|
|
|a BOA001
|b PK-I-0011.499,přív.5
|
| 964 |
|
|
|a Václav, kníže český - ca 908-935 - životopisy pro mládež
|
| 990 |
|
|
|a BK
|
| 996 |
6 |
|
|b 570205-10
|c PK-I-0011.499,přív.5
|l MZK
|r Sklad / do 1 hodiny
|n 0
|w 000570205
|u 000010
|a 1
|e BOA001
|j MZK50
|s P
|